000 01036cam a22002774a 4500
001 45185
003 BD-RjUL
005 20211209053957.0
008 160724s2006 caua 000 0 eng
020 _a1412909244 (pbk.)
035 _a(BD-RjUL)45303
040 _aDLC
_cDLC
_dDLC
_beng
041 _aeng
082 0 0 _a174.4
_222
_bCAS 2006
245 0 0 _aCases in business ethics /
_c[edited by] David J. Sharp.
260 _aThousand Oaks, Calif. :
_bSage Publications,
_cc2006.
300 _axvi, 293 p. :
_bill. ;
_c23 cm.
650 0 _aBusiness ethics
_vCase studies.
_9138417
700 1 _aSharp, David J.
_9138418
856 4 1 _3Table of contents only
_uhttp://www.loc.gov/catdir/toc/ecip057/2005003583.html
856 4 2 _3Publisher description
_uhttp://www.loc.gov/catdir/enhancements/fy0658/2005003583-d.html
856 4 2 _3Contributor biographical information
_uhttp://www.loc.gov/catdir/enhancements/fy0739/2005003583-b.html
942 _2ddc
_cBK
999 _c45185
_d45185